[Event "Open Stare Mesto"]
[Site "?"]
[Date "2003.08.14"]
[Round "8"]
[White "Grabarczyk, Miroslaw"]
[Black "Bazant, Petr sr."]
[Result "1-0"]
[WhiteElo "2508"]
[BlackElo "2333"]
[PlyCount "63"]
[EventDate "2003.08.08"]
[SourceDate "2003.08.08"]

1. d4 d5 2. c4 e6 3. Nf3 Nf6 4. g3 c6 5. Nbd2 Bd6 6. Bg2 O-O 7. O-O Nbd7 8. b3
e5 9. dxe5 Nxe5 10. cxd5 Nxd5 11. Bb2 Nxf3+ 12. Nxf3 Be7 13. Qc1 Bf6 14. e4
Bxb2 15. Qxb2 Nf6 16. Nd4 Re8 17. Rfe1 Ng4 18. h3 Ne5 19. Rad1 Qf6 20. Qc1 g5
21. f4 gxf4 22. gxf4 Ng6 23. f5 Ne5 24. Nf3 b6 25. Nxe5 Rxe5 26. Qf4 Ba6 27.
Rd7 Rae8 28. Re3 Kh8 29. Rg3 c5 30. Qg4 Qh6 31. Rxf7 c4 32. Rg7 1-0

[Event "Open Stare Mesto"]
[Site "?"]
[Date "2003.08.14"]
[Round "8"]
[White "Jasny, Stanislav"]
[Black "Civin, Tomas"]
[Result "1-0"]
[WhiteElo "2319"]
[BlackElo "2383"]
[PlyCount "73"]
[EventDate "2003.08.08"]
[SourceDate "2003.08.08"]

1. d4 Nf6 2. c4 e5 3. dxe5 Ng4 4. Nf3 Bc5 5. e3 Nc6 6. Nc3 O-O 7. Be2 Re8 8.
O-O Ncxe5 9. Nxe5 Nxe5 10. b3 a5 11. Bb2 Ra6 12. Qd5 Bf8 13. Ne4 Rae6 14. Ng3
a4 15. c5 d6 16. cxd6 Rxd6 17. Qa5 Rd5 18. Qxa4 Bd7 19. Qe4 Bc6 20. Qc2 Qh4 21.
Rad1 Rc5 22. Qb1 Re6 23. Rd4 Qh6 24. Ba3 Rd5 25. Bxf8 Kxf8 26. Rfd1 Rd7 27. Qc1
Rxd4 28. Rxd4 Re8 29. Bb5 Qe6 30. Bxc6 Nxc6 31. Qc5+ Kg8 32. Re4 Qc8 33. Rxe8+
Qxe8 34. Qb5 Qa8 35. a4 h6 36. h3 Qa5 37. Qxb7 1-0

[Event "Open Stare Mesto"]
[Site "?"]
[Date "2003.08.14"]
[Round "8"]
[White "Rubal, Adam"]
[Black "Dobrev, Nanko"]
[Result "0-1"]
[WhiteElo "2229"]
[BlackElo "2382"]
[PlyCount "31"]
[EventDate "2003.08.08"]
[SourceDate "2003.08.08"]

1. d4 Nf6 2. c4 e6 3. Nf3 Bb4+ 4. Bd2 Qe7 5. g3 Nc6 6. Bg2 Bxd2+ 7. Qxd2 Ne4 8.
Qc2 Qb4+ 9. Nbd2 Nxd2 10. Qxd2 Qxc4 11. O-O Qb4 12. Qd3 d5 13. Rfc1 O-O 14. Rc5
Bd7 15. Rb5 Qd6 16. Rc1 0-1

[Event "Open Stare Mesto"]
[Site "?"]
[Date "2003.08.14"]
[Round "8"]
[White "Kireev, Alexej"]
[Black "Hausner, Ivan"]
[Result "1/2-1/2"]
[WhiteElo "2276"]
[BlackElo "2441"]
[PlyCount "48"]
[EventDate "2003.08.08"]
[SourceDate "2003.08.08"]

1. d4 e6 2. Nf3 f5 3. d5 exd5 4. Qxd5 Nf6 5. Qxf5 Nc6 6. Bg5 d5 7. Bxf6 Bxf5 8.
Bxd8 Rxd8 9. c3 d4 10. cxd4 Bxb1 11. Rxb1 Nxd4 12. Nxd4 Bb4+ 13. Kd1 Rxd4+ 14.
Kc2 Rf8 15. a3 Ba5 16. b4 Bb6 17. f3 Ke7 18. e3 Rd6 19. Bd3 Rfd8 20. Rbd1 a5
21. Bxh7 Rxd1 22. Rxd1 Rxd1 23. Kxd1 axb4 24. axb4 Bxe3 1/2-1/2

[Event "Open Stare Mesto"]
[Site "?"]
[Date "2003.08.14"]
[Round "8"]
[White "Grabarczyk, Bogdan"]
[Black "Tazbir, Marcin"]
[Result "1-0"]
[WhiteElo "2444"]
[BlackElo "2269"]
[PlyCount "33"]
[EventDate "2003.08.08"]
[SourceDate "2003.08.08"]

1. e4 c5 2. Nf3 d6 3. d4 cxd4 4. Nxd4 Nf6 5. Nc3 a6 6. Bg5 e6 7. f4 Nc6 8. e5
h6 9. Bh4 g5 10. Bg3 gxf4 11. Nxc6 Qb6 12. Bf2 Qxb2 13. Bd4 Qa3 14. exd6 bxc6
15. Bxf6 Rg8 16. Qd4 Bd7 17. Rd1 1-0

[Event "Open Stare Mesto"]
[Site "?"]
[Date "2003.08.14"]
[Round "8"]
[White "Karlik, Vladimir"]
[Black "Zpevak, Pavel"]
[Result "1/2-1/2"]
[WhiteElo "2286"]
[BlackElo "2405"]
[PlyCount "46"]
[EventDate "2003.08.08"]
[SourceDate "2003.08.08"]

1. e4 c5 2. Nc3 e6 3. f4 a6 4. Nf3 d5 5. Qe2 Be7 6. g3 Nc6 7. d3 Nf6 8. Bg2 Nd4
9. Qd1 O-O 10. O-O b5 11. exd5 exd5 12. Ne5 b4 13. Ne2 Nxe2+ 14. Qxe2 Bd6 15.
Bd2 Re8 16. Rae1 Qc7 17. Qf3 h5 18. h3 Be6 19. Re2 Rad8 20. Rfe1 Qc8 21. Kh2
Bf5 22. Bc1 Re6 23. Qf1 Rde8 1/2-1/2

[Event "Open Stare Mesto"]
[Site "?"]
[Date "2003.08.14"]
[Round "8"]
[White "Kantorik, Marian"]
[Black "Johansson, Jan"]
[Result "0-1"]
[WhiteElo "2272"]
[BlackElo "2396"]
[PlyCount "100"]
[EventDate "2003.08.08"]
[SourceDate "2003.08.08"]

1. d4 Nf6 2. c4 e6 3. Nc3 Bb4 4. f3 O-O 5. e4 d5 6. cxd5 exd5 7. e5 Nfd7 8. a3
Bxc3+ 9. bxc3 f6 10. exf6 Qxf6 11. Bd3 Nb6 12. Ne2 Bf5 13. O-O Nc6 14. Bf4 Rf7
15. Rb1 Re8 16. Bg3 Na5 17. Nf4 c6 18. Bxf5 Qxf5 19. Qd3 Qg5 20. Nh3 Qe3+ 21.
Nf2 Nac4 22. Rfd1 Nxa3 23. Ra1 Nb5 24. Be5 Qxd3 25. Rxd3 Nc4 26. f4 a5 27. Nd1
Nbd6 28. Bxd6 Nxd6 29. Rxa5 Rxf4 30. Re3 Ref8 31. Re1 h5 32. Ra2 Ne4 33. Rae2
b5 34. Re3 Nd2 35. h3 h4 36. Re6 Rf1+ 37. Kh2 Ne4 38. Rxf1 Rxf1 39. Ne3 Rc1 40.
Nf5 Rxc3 41. Nxh4 Kf7 42. Re5 g6 43. Nf3 b4 44. h4 b3 45. h5 gxh5 46. Rxh5 Rxf3
47. gxf3 Nc3 48. Rh7+ Kg6 49. Rc7 b2 50. Rxc6+ Kf5 0-1

[Event "Open Stare Mesto"]
[Site "?"]
[Date "2003.08.14"]
[Round "8"]
[White "Plsek, Miroslav"]
[Black "Mudrak, Josef"]
[Result "0-1"]
[WhiteElo "2133"]
[BlackElo "2379"]
[PlyCount "71"]
[EventDate "2003.08.08"]
[SourceDate "2003.08.08"]

1. d4 Nf6 2. c4 g6 3. Nc3 Bg7 4. e4 d6 5. f3 O-O 6. Be3 e5 7. d5 Nh5 8. Qd2
Qh4+ 9. g3 Nxg3 10. Qf2 Nxf1 11. Qxh4 Nxe3 12. Ke2 Nxc4 13. b3 Nb6 14. Nh3 Na6
15. Nf2 Bd7 16. Rad1 Nc8 17. Ng4 f6 18. Qg3 Ne7 19. h4 h5 20. Nf2 Bh6 21. Nh3
b5 22. Ke1 b4 23. Ne2 Nc5 24. Nf2 Rae8 25. Nc1 Kh7 26. Ncd3 Na6 27. Nh3 c6 28.
Qf2 Ra8 29. dxc6 Bxc6 30. Qe2 Bb5 31. Qb2 Rac8 32. a4 Bd7 33. Ng1 Be6 34. Rh2
Rc3 35. Nxb4 Re3+ 36. Kf1 0-1

[Event "Open Stare Mesto"]
[Site "?"]
[Date "2003.08.14"]
[Round "8"]
[White "Jaworski, Miroslaw"]
[Black "Volodin, Viktor"]
[Result "1-0"]
[WhiteElo "2377"]
[BlackElo "2283"]
[PlyCount "83"]
[EventDate "2003.08.08"]
[SourceDate "2003.08.08"]

1. d4 d5 2. c4 c6 3. Nf3 Nf6 4. Nc3 a6 5. a4 e6 6. Bg5 h6 7. Bxf6 Qxf6 8. Qb3
Nd7 9. g3 Bd6 10. Bg2 dxc4 11. Qxc4 Qe7 12. O-O O-O 13. a5 e5 14. Nh4 Kh8 15.
Nf5 Qf6 16. g4 Bb8 17. d5 e4 18. Qxe4 Nc5 19. Qe7 Qxe7 20. Nxe7 Bd6 21. Nxc8
Raxc8 22. dxc6 bxc6 23. Rad1 Be7 24. Ne4 Nxe4 25. Bxe4 Bb4 26. Rd7 Bxa5 27. Ra1
Rc7 28. Rxc7 Bxc7 29. Rxa6 c5 30. Rc6 Be5 31. b3 Re8 32. Bd3 Bd4 33. e3 Bc3 34.
Rxc5 Bb4 35. Rb5 Bc3 36. Rb7 Rd8 37. Bc4 f6 38. h4 Be5 39. h5 Rb8 40. Rxb8+
Bxb8 41. b4 Kh7 42. Bf7 1-0

[Event "Open Stare Mesto"]
[Site "?"]
[Date "2003.08.14"]
[Round "8"]
[White "Sitnik, Igor"]
[Black "Bazant, Petr jr."]
[Result "0-1"]
[WhiteElo "2258"]
[BlackElo "2355"]
[PlyCount "84"]
[EventDate "2003.08.08"]
[SourceDate "2003.08.08"]

1. d4 d6 2. Nf3 Bg4 3. c4 e6 4. Nc3 Nd7 5. g3 Ngf6 6. Bg2 c6 7. O-O Be7 8. h3
Bh5 9. Bf4 O-O 10. b4 Nb6 11. Qb3 Rc8 12. e4 d5 13. exd5 exd5 14. c5 Nc4 15.
Ne5 Nxe5 16. dxe5 Ne8 17. g4 Bg6 18. Rad1 Nc7 19. Bh2 Kh8 20. Ne4 f5 21. exf6
Bxf6 22. Nd6 Rb8 23. f4 b6 24. f5 Bf7 25. Qc2 Bg8 26. Ne4 Rf7 27. a3 bxc5 28.
Nxc5 a5 29. Ne6 Nxe6 30. fxe6 Re7 31. Bxb8 Qxb8 32. Qxc6 axb4 33. axb4 Rxe6 34.
Qxd5 Qxb4 35. Qd2 Qc5+ 36. Kh1 Re3 37. Rf3 Re8 38. Qf2 Qe7 39. Rfd3 h6 40. Rd7
Qa3 41. Qa7 Qg3 42. Qf2 Qxf2 0-1

[Event "Open Stare Mesto"]
[Site "?"]
[Date "2003.08.14"]
[Round "8"]
[White "Wiley, Tom E."]
[Black "Buran, Jaroslav"]
[Result "1/2-1/2"]
[WhiteElo "2328"]
[BlackElo "2203"]
[PlyCount "24"]
[EventDate "2003.08.08"]
[SourceDate "2003.08.08"]

1. d4 Nf6 2. c4 c5 3. d5 d6 4. Nc3 e5 5. e4 Be7 6. g3 Nbd7 7. Bg2 a6 8. Nge2 h6
9. a4 b6 10. O-O Rb8 11. f4 g5 12. fxg5 hxg5 1/2-1/2

[Event "Open Stare Mesto"]
[Site "?"]
[Date "2003.08.14"]
[Round "8"]
[White "Vesselovsky, Serguei"]
[Black "Mertens, Klaus"]
[Result "1/2-1/2"]
[WhiteElo "2444"]
[BlackElo "2162"]
[PlyCount "70"]
[EventDate "2003.08.08"]
[SourceDate "2003.08.08"]

1. e4 c5 2. Nc3 e6 3. Nge2 a6 4. g3 b5 5. Bg2 Bb7 6. O-O Nf6 7. d3 d6 8. h3 Nc6
9. f4 Qc7 10. Be3 Be7 11. a3 Rc8 12. g4 b4 13. axb4 cxb4 14. Na4 Nd7 15. g5 Nc5
16. Qd2 Nxa4 17. Rxa4 O-O 18. f5 Rfd8 19. b3 a5 20. fxe6 fxe6 21. Nf4 Qd7 22.
h4 Re8 23. Bh3 Bf8 24. Qg2 Ra8 25. d4 Nd8 26. d5 Bc8 27. Nxe6 Qe7 28. Rxf8+
Rxf8 29. Nxf8 Bxh3 30. Qxh3 Kxf8 31. Qf5+ Kg8 32. Bd4 Nb7 33. Bb6 Re8 34. Bxa5
Nc5 35. Rxb4 Rf8 1/2-1/2

[Event "Open Stare Mesto"]
[Site "?"]
[Date "2003.08.14"]
[Round "8"]
[White "Stehlik, Jiri"]
[Black "Rachela, Milan"]
[Result "1/2-1/2"]
[WhiteElo "2089"]
[BlackElo "2213"]
[PlyCount "92"]
[EventDate "2003.08.08"]
[SourceDate "2003.08.08"]

1. d4 Nf6 2. Nf3 c5 3. c3 b6 4. g3 Bb7 5. Bg2 g6 6. O-O Bg7 7. Re1 O-O 8. Nbd2
Na6 9. a3 Rc8 10. e3 Qc7 11. Qa4 Qb8 12. b4 cxd4 13. cxd4 Nc7 14. Bb2 Nfd5 15.
e4 b5 16. Qb3 Nb6 17. d5 Ne8 18. Bxg7 Kxg7 19. Nd4 a6 20. Rac1 Nd6 21. h4 Rxc1
22. Rxc1 Rc8 23. Rc2 Kg8 24. Kh2 Rc7 25. f4 Qc8 26. Qd3 Kg7 27. N2b3 Rxc2 28.
Nxc2 Ndc4 29. Nc5 d6 30. Nxb7 Qxb7 31. Nd4 Na4 32. h5 Qb6 33. hxg6 hxg6 34. Nc6
Qf2 35. Qf3 Qxf3 36. Bxf3 Nxa3 37. Nb8 Nb2 38. Nxa6 Nc2 39. Be2 Nd4 40. Bf1 Nd1
41. Nc7 Nc3 42. Bd3 Nf3+ 43. Kh1 Na2 44. Nxb5 Nxb4 45. Be2 Nd2 46. Nc3 Nb3
1/2-1/2

[Event "Open Stare Mesto"]
[Site "?"]
[Date "2003.08.14"]
[Round "8"]
[White "Obrochta, Bogdan"]
[Black "Kludacz, Magdalena"]
[Result "1/2-1/2"]
[WhiteElo "2060"]
[BlackElo "2209"]
[PlyCount "81"]
[EventDate "2003.08.08"]
[SourceDate "2003.08.08"]

1. e4 e6 2. d4 d5 3. Nd2 Nf6 4. e5 Nfd7 5. Bd3 c5 6. c3 Nc6 7. Ne2 cxd4 8. cxd4
f6 9. exf6 Nxf6 10. O-O Bd6 11. Nf3 O-O 12. Bf4 Bxf4 13. Nxf4 Ng4 14. Ne2 Qd6
15. h3 Rxf3 16. hxg4 Rf7 17. f4 Bd7 18. a3 a6 19. Rf3 Na5 20. Qc2 g6 21. b4 Rc8
22. Qb2 Nc4 23. Bxc4 Rxc4 24. Qd2 Bb5 25. Re1 Rfc7 26. Nc3 Bd7 27. Re5 Qc6 28.
Ree3 Qb6 29. Rd3 Qd6 30. Rde3 a5 31. bxa5 Qxa3 32. f5 exf5 33. Nxd5 Rc1+ 34.
Re1 Rxe1+ 35. Qxe1 Rc1 36. Rxa3 Rxe1+ 37. Kf2 Re6 38. gxf5 Rd6 39. Ne3 Rxd4 40.
fxg6 hxg6 41. a6 1/2-1/2

[Event "Open Stare Mesto"]
[Site "?"]
[Date "2003.08.14"]
[Round "8"]
[White "Partys, Petr"]
[Black "Blumel, Otto"]
[Result "1/2-1/2"]
[WhiteElo "1961"]
[BlackElo "2208"]
[PlyCount "49"]
[EventDate "2003.08.08"]
[SourceDate "2003.08.08"]

1. e4 e5 2. Nf3 Nf6 3. d4 Nxe4 4. Nxe5 d6 5. Nf3 Be7 6. Bd3 d5 7. O-O Bg4 8. h3
Bh5 9. Re1 f5 10. c4 O-O 11. cxd5 Bb4 12. Rf1 Qxd5 13. a3 Bd6 14. Qc2 Qc6 15.
Qb3+ Bf7 16. Qd1 Nd7 17. Bd2 Nb6 18. Nc3 Nxd2 19. Qxd2 Qd7 20. Rfe1 Rad8 21.
Qc2 Bc4 22. Bxc4+ Nxc4 23. Qb3 Qc6 24. Nd2 b5 25. Nxb5 1/2-1/2

[Event "OPEN Stare Mesto"]
[Site "?"]
[Date "2003.08.15"]
[Round "9"]
[White "Kotan, L."]
[Black "Grabarczyk, M."]
[Result "1/2-1/2"]
[WhiteElo "2369"]
[BlackElo "2508"]
[PlyCount "92"]
[EventDate "2003.08.13"]
[SourceDate "2003.08.08"]

1. e4 e5 2. Nf3 Nc6 3. Bb5 Nf6 4. d3 d6 5. c3 a6 6. Ba4 g6 7. O-O Bg7 8. Re1
O-O 9. Nbd2 b5 10. Bb3 Na5 11. Bc2 c5 12. Nf1 h6 13. Ng3 Re8 14. h3 Nc6 15. Be3
Kh7 16. Bb3 Qe7 17. d4 Na5 18. dxe5 dxe5 19. Bc2 Nc4 20. Bc1 Bb7 21. Qe2 Rad8
22. a4 Bc6 23. axb5 axb5 24. b3 Nd6 25. Ba3 Nd7 26. Qe3 Nb7 27. Qe2 Ra8 28. Nd2
Nf8 29. Bb2 Ne6 30. Rxa8 Rxa8 31. Ra1 Rxa1+ 32. Bxa1 Qd8 33. Ndf1 Qa5 34. Qd1
b4 35. c4 Nd4 36. Ne3 Qa3 37. Qb1 h5 38. Bb2 Qa8 39. Nd5 Qa5 40. Bd1 Nd8 41.
Ne2 N8e6 42. Nxd4 cxd4 43. Bc1 Bh6 44. Bxh6 Kxh6 45. Qc1+ Kg7 46. Kh2 Qa3
1/2-1/2

[Event "OPEN Stare Mesto"]
[Site "?"]
[Date "2003.08.15"]
[Round "9"]
[White "Dobrev, N."]
[Black "Jasny, S."]
[Result "1-0"]
[WhiteElo "2382"]
[BlackElo "2319"]
[PlyCount "87"]
[EventDate "2003.08.13"]
[SourceDate "2003.08.08"]

1. d4 Nf6 2. Nf3 d6 3. c4 Nbd7 4. Nc3 e5 5. e4 g6 6. Be2 Bg7 7. O-O O-O 8. d5
Nc5 9. Qc2 a5 10. Bg5 h6 11. Be3 b6 12. Nd2 Bg4 13. f3 Bd7 14. b3 Nh7 15. a3
Qh4 16. b4 Na6 17. Rab1 Ng5 18. Rfc1 f5 19. h3 Nxh3+ 20. gxh3 Qg3+ 21. Kf1 fxe4
22. Bf2 Qxh3+ 23. Ke1 exf3 24. Bf1 Qg4 25. Nde4 Bf5 26. Bd3 h5 27. Be3 f2+ 28.
Kd2 axb4 29. axb4 Qg2 30. Rf1 Bh3 31. Rxf2 Rxf2+ 32. Nxf2 Rf8 33. Nce4 Bf5 34.
Kc3 Nb8 35. Kb3 Nd7 36. Qd2 h4 37. Rh1 h3 38. Bf1 Qf3 39. Be2 Qg2 40. Bf1 Qf3
41. Ng5 Qg3 42. Bxh3 b5 43. Nfe4 bxc4+ 44. Kc3 1-0

[Event "OPEN Stare Mesto"]
[Site "?"]
[Date "2003.08.15"]
[Round "9"]
[White "Bazant, P jr"]
[Black "Grabarczyk, B."]
[Result "1-0"]
[WhiteElo "2355"]
[BlackElo "2444"]
[PlyCount "79"]
[EventDate "2003.08.13"]
[SourceDate "2003.08.08"]

1. e4 c5 2. Nf3 b6 3. Bc4 e6 4. O-O Bb7 5. Re1 a6 6. c3 b5 7. Bf1 Ne7 8. a4 b4
9. d4 cxd4 10. Nxd4 Nbc6 11. Bg5 Nxd4 12. cxd4 h6 13. Bh4 d5 14. Nd2 Qd7 15.
exd5 Nxd5 16. Qg4 g5 17. Bg3 Be7 18. Nc4 h5 19. Qf3 f6 20. h4 g4 21. Qe4 Kf7
22. Rac1 a5 23. Bd3 Rh6 24. Bf4 Nc3 25. Qe3 Nd5 26. Qg3 Rhh8 27. Bd6 Bd8 28.
Re5 Rc8 29. Rxh5 Rxh5 30. Qxg4 Rh6 31. h5 Be7 32. Bf4 Nxf4 33. Qxf4 Kg7 34.
Qg4+ Kf8 35. Re1 Qd5 36. Nb6 Qxh5 37. Nd7+ Ke8 38. Nxf6+ Bxf6 39. Qg8+ Ke7 40.
Rxe6+ 1-0

[Event "OPEN Stare Mesto"]
[Site "?"]
[Date "2003.08.15"]
[Round "9"]
[White "Johansson, J."]
[Black "Jaworski, M."]
[Result "1-0"]
[WhiteElo "2396"]
[BlackElo "2377"]
[PlyCount "33"]
[EventDate "2003.08.13"]
[SourceDate "2003.08.08"]

1. e4 c5 2. Nf3 d6 3. Bb5+ Nd7 4. O-O Ngf6 5. Re1 a6 6. Bxd7+ Nxd7 7. c3 e6 8.
d4 Be7 9. Bf4 cxd4 10. cxd4 b5 11. a4 bxa4 12. Nc3 O-O 13. Qxa4 Bb7 14. Qa2 Nb6
15. d5 e5 16. Be3 Kh8 17. Qb3 1-0

[Event "OPEN Stare Mesto"]
[Site "?"]
[Date "2003.08.15"]
[Round "9"]
[White "Mudrak, J."]
[Black "Kireev, A."]
[Result "1-0"]
[WhiteElo "2379"]
[BlackElo "2276"]
[PlyCount "75"]
[EventDate "2003.08.13"]
[SourceDate "2003.08.08"]

1. d4 g6 2. Nf3 Bg7 3. g3 d6 4. a4 e5 5. dxe5 dxe5 6. Qxd8+ Kxd8 7. a5 f6 8.
Bg2 c6 9. O-O Kc7 10. Be3 Bh6 11. Bb6+ Kd6 12. Rd1+ Ke7 13. Bc5+ Ke8 14. Nc3
Na6 15. Bd6 Bg7 16. e4 Bg4 17. h3 Be6 18. Bf1 Nb8 19. b4 a6 20. Na4 Nd7 21.
Rab1 Bf8 22. Nc5 Nxc5 23. bxc5 Bc8 24. Bxf8 Kxf8 25. Rd8+ Kg7 26. Rbd1 Ne7 27.
Rxh8 Kxh8 28. Rd8+ Kg7 29. Bc4 g5 30. Re8 Ng6 31. Be6 Bxe6 32. Rxa8 Ne7 33. Rb8
Bc8 34. Nd2 Kf7 35. Nc4 Bxh3 36. Rxb7 h5 37. Kh2 Bf1 38. Ne3 1-0

[Event "OPEN Stare Mesto"]
[Site "?"]
[Date "2003.08.15"]
[Round "9"]
[White "Zpevak, P."]
[Black "Michenka, J."]
[Result "1/2-1/2"]
[WhiteElo "2405"]
[BlackElo "2357"]
[PlyCount "80"]
[EventDate "2003.08.13"]
[SourceDate "2003.08.08"]

1. d4 Nf6 2. c4 e6 3. Nf3 d5 4. Bg5 Be7 5. Nc3 Nbd7 6. e3 O-O 7. Qc2 h6 8. cxd5
exd5 9. Bf4 a6 10. g4 c5 11. O-O-O cxd4 12. Nxd4 Nc5 13. g5 hxg5 14. Bxg5 Nce4
15. Nxe4 Nxe4 16. Bxe7 Qxe7 17. Kb1 Bg4 18. f3 Rac8 19. Qg2 Bh3 20. Qe2 Bxf1
21. Rhxf1 Nd6 22. Rg1 Rfe8 23. Rde1 Qf6 24. Qd3 Re5 25. f4 Rh5 26. Re2 g6 27.
Reg2 Kg7 28. Ka1 Rch8 29. Nf3 R8h6 30. Ne5 Rxh2 31. Qxd5 Rxg2 32. Qxg2 Qe6 33.
Qd2 Nc4 34. Nxc4 Qxc4 35. a3 Rh5 36. Qd7 Qd5 37. Qe8 Rh8 38. Qa4 Rh1 39. Rxh1
Qxh1+ 40. Ka2 Qd5+ 1/2-1/2

[Event "OPEN Stare Mesto"]
[Site "?"]
[Date "2003.08.15"]
[Round "9"]
[White "Hausner, I."]
[Black "Rubal, A."]
[Result "1/2-1/2"]
[WhiteElo "2441"]
[BlackElo "2229"]
[PlyCount "83"]
[EventDate "2003.08.13"]
[SourceDate "2003.08.08"]

1. d4 d5 2. Nf3 Nf6 3. c4 e6 4. Nc3 Be7 5. Bg5 O-O 6. Qc2 Nbd7 7. cxd5 exd5 8.
e3 c6 9. Bd3 Re8 10. O-O Nf8 11. Bxf6 Bxf6 12. b4 Bg4 13. Nd2 Be7 14. Rab1 Bd6
15. b5 Re6 16. Rfe1 Qh4 17. g3 Qh5 18. Be2 Rae8 19. Bxg4 Qxg4 20. bxc6 bxc6 21.
Rb7 h5 22. Qd1 Qxd4 23. exd4 Rxe1+ 24. Qxe1 Rxe1+ 25. Kg2 Re7 26. Rxe7 Bxe7 27.
Nb3 Ne6 28. Kf3 Kf8 29. Ke3 Ke8 30. f4 g6 31. Ne2 Kd7 32. Nec1 c5 33. dxc5
Bxc5+ 34. Nxc5+ Nxc5 35. Ne2 Ne6 36. h3 f5 37. Ng1 Kc6 38. Nf3 Kc5 39. Nh4 d4+
40. Kd3 Nf8 41. Nf3 Ne6 42. Nh4 1/2-1/2

[Event "OPEN Stare Mesto"]
[Site "?"]
[Date "2003.08.15"]
[Round "9"]
[White "Gruca, M."]
[Black "Wiley, T."]
[Result "0-1"]
[WhiteElo "2180"]
[BlackElo "2328"]
[PlyCount "76"]
[EventDate "2003.08.13"]
[SourceDate "2003.08.08"]

1. e4 e6 2. d4 d5 3. Nc3 Bb4 4. e5 c5 5. a3 Bxc3+ 6. bxc3 Qc7 7. Nf3 b6 8. Bb5+
Bd7 9. Bd3 Ba4 10. O-O Nd7 11. Bg5 h6 12. Bh4 Ne7 13. Bxe7 Kxe7 14. Ne1 cxd4
15. cxd4 Qc3 16. Rb1 Qxa3 17. Ra1 Qb4 18. c3 Bxd1 19. cxb4 Bb3 20. Ra3 Bc4 21.
Bxc4 dxc4 22. b5 a6 23. bxa6 Nb8 24. Nc2 Nxa6 25. Rb1 Rhb8 26. Rb5 Kd7 27. d5
exd5 28. Rxd5+ Ke7 29. f4 Nc7 30. Rxa8 Rxa8 31. Rd6 Rd8 32. Rc6 Rd1+ 33. Kf2
Rd2+ 34. Kf3 Ne6 35. Nb4 Nd4+ 36. Ke3 Nxc6 37. Nxc6+ Kd7 38. e6+ Kxc6 0-1

[Event "OPEN Stare Mesto"]
[Site "?"]
[Date "2003.08.15"]
[Round "9"]
[White "Buran, J."]
[Black "Vesselovsky, S."]
[Result "1/2-1/2"]
[WhiteElo "2203"]
[BlackElo "2444"]
[PlyCount "38"]
[EventDate "2003.08.13"]
[SourceDate "2003.08.08"]

1. d4 g6 2. Nf3 Bg7 3. c3 Nf6 4. Bg5 d6 5. Nbd2 Nbd7 6. e4 h6 7. Bh4 g5 8. e5
Nh5 9. e6 fxe6 10. Bg3 Ndf6 11. Bd3 Nxg3 12. Bg6+ Kd7 13. hxg3 c6 14. Qe2 Kc7
15. Bf7 Rf8 16. Bxe6 Bxe6 17. Qxe6 Qd7 18. Qxd7+ Kxd7 19. O-O Nd5 1/2-1/2

[Event "OPEN Stare Mesto"]
[Site "?"]
[Date "2003.08.15"]
[Round "9"]
[White "Volodin, V."]
[Black "Kocur, W."]
[Result "1-0"]
[WhiteElo "2283"]
[BlackElo "2120"]
[PlyCount "136"]
[EventDate "2003.08.13"]
[SourceDate "2003.08.08"]

1. Nf3 Nf6 2. c4 c5 3. g3 g6 4. Bg2 Bg7 5. O-O O-O 6. d4 cxd4 7. Nxd4 Nc6 8.
Nc3 Nxd4 9. Qxd4 d6 10. Qd3 Qa5 11. Nb5 a6 12. Bd2 Qd8 13. Nc3 Bf5 14. e4 Bd7
15. h3 Bc6 16. Be3 Nd7 17. Rac1 Rc8 18. Qd2 b5 19. cxb5 axb5 20. b3 Nc5 21. Nd5
e6 22. Nb4 Bxe4 23. f3 Bb7 24. Rfd1 Re8 25. Kh2 Bf8 26. h4 f6 27. Qb2 Qe7 28.
Qe2 Rb8 29. Rd2 Rec8 30. Bh3 f5 31. Bg5 Qf7 32. Be3 e5 33. Rcd1 Nd7 34. Nd5 Ba8
35. g4 Bxd5 36. Rxd5 Rc3 37. gxf5 gxf5 38. Rg1+ Kh8 39. Rd2 f4 40. Bf2 Nf6 41.
Rc2 Rxc2 42. Qxc2 Rb7 43. Rc1 Qe8 44. Qf5 Qf7 45. Rc8 Kg7 46. Qc2 Nd5 47. Qc6
Nb4 48. Qe4 Nd5 49. Qd3 Nf6 50. Bf5 d5 51. Qc3 d4 52. Qc6 Qd5 53. Rc7+ Rxc7 54.
Qxc7+ Kh6 55. Bd3 Bd6 56. Qd8 Kg7 57. Be4 Nxe4 58. fxe4 Qe6 59. a4 bxa4 60.
bxa4 Qg6 61. a5 Qf6 62. Qd7+ Qe7 63. Qg4+ Kf7 64. a6 Bc5 65. Qf5+ Ke8 66. Qc8+
Kf7 67. h5 h6 68. Qc6 Qd6 1-0

[Event "OPEN Stare Mesto"]
[Site "?"]
[Date "2003.08.15"]
[Round "9"]
[White "Vavruska, A."]
[Black "Kantorik, M."]
[Result "1-0"]
[WhiteElo "2133"]
[BlackElo "2272"]
[PlyCount "91"]
[EventDate "2003.08.13"]
[SourceDate "2003.08.08"]

1. e4 g6 2. d4 Bg7 3. Nf3 d6 4. h3 Nd7 5. Bd3 e6 6. Bg5 Ne7 7. O-O h6 8. Be3 b6
9. Qd2 Bb7 10. Re1 Nf6 11. Nc3 c6 12. a4 d5 13. e5 Nd7 14. Bf4 a5 15. Nd1 Ba6
16. Bxa6 Rxa6 17. Ne3 Ra8 18. b3 O-O 19. Ng4 h5 20. Ne3 f6 21. Nf1 Nf5 22. N1h2
c5 23. c3 fxe5 24. dxe5 Qe7 25. Rad1 Rae8 26. Kh1 Qd8 27. Ng5 Nh6 28. Nhf3 Nf5
29. g3 Qa8 30. Kh2 Qc6 31. Rg1 Rd8 32. g4 hxg4 33. hxg4 Ne7 34. Rde1 Rb8 35. c4
Rbd8 36. Kg3 dxc4 37. Qd6 Qxd6 38. exd6 Nd5 39. Nxe6 Nxf4 40. Nxf4 cxb3 41.
Nxg6 Rf6 42. Ne7+ Kf8 43. Nf5 c4 44. Ng5 c3 45. Re7 Nc5 46. Nh7+ 1-0

[Event "OPEN Stare Mesto"]
[Site "?"]
[Date "2003.08.15"]
[Round "9"]
[White "Tazbir, M."]
[Black "Stehlik, J."]
[Result "1/2-1/2"]
[WhiteElo "2269"]
[BlackElo "2089"]
[PlyCount "38"]
[EventDate "2003.08.13"]
[SourceDate "2003.08.08"]

1. e4 c5 2. Nc3 Nc6 3. Bb5 Nd4 4. Bc4 g6 5. Nf3 Bg7 6. Nxd4 cxd4 7. Qf3 Nh6 8.
Ne2 O-O 9. Bb3 d6 10. Qg3 Kh8 11. d3 e5 12. c3 dxc3 13. Nxc3 f6 14. O-O Rb8 15.
Bc4 Bd7 16. a4 b6 17. Bd2 Nf7 18. f4 f5 19. fxe5 dxe5 1/2-1/2

[Event "OPEN Stare Mesto"]
[Site "?"]
[Date "2003.08.15"]
[Round "9"]
[White "Zpevak, M."]
[Black "Sitnik, Igor"]
[Result "1/2-1/2"]
[WhiteElo "1993"]
[BlackElo "2258"]
[PlyCount "133"]
[EventDate "2003.08.13"]
[SourceDate "2003.08.08"]

1. e4 c6 2. d4 d5 3. Nd2 dxe4 4. Nxe4 Nd7 5. Bc4 Ngf6 6. Ng5 e6 7. Ne2 h6 8.
Nf3 Bd6 9. Bf4 Qc7 10. Bxd6 Qxd6 11. O-O O-O 12. Ng3 b6 13. Re1 Bb7 14. Qe2
Rfd8 15. Rad1 c5 16. c3 Qf4 17. Ne5 Bd5 18. Nxd7 Rxd7 19. Bb5 Rdd8 20. Qe5 Qxe5
21. dxe5 Nh7 22. c4 Bb7 23. f3 Nf8 24. Rd6 Rxd6 25. exd6 Rd8 26. Rd1 f6 27. Kf2
Kf7 28. a3 e5 29. Nf5 Ne6 30. d7 Ba8 31. Nd6+ Kf8 32. Nc8 Nd4 33. Nxa7 Bb7 34.
b4 Ke7 35. bxc5 bxc5 36. a4 Kd6 37. a5 Kc7 38. Ba4 Kb8 39. Nc8 Bxc8 40. Rb1+
Ka7 41. dxc8=Q Rxc8 42. Rb6 Rd8 43. g4 Rb8 44. Rxb8 Kxb8 45. Ke3 Ka7 46. Bb5
Nb3 47. f4 exf4+ 48. Kxf4 g6 49. Ke4 Nxa5 50. Kd5 Kb6 51. Ke6 f5 52. gxf5 gxf5
53. Kxf5 Nb3 54. Kg6 Nd4 55. Be8 Nf3 56. h3 Ne5+ 57. Kxh6 Nxc4 58. Kg7 Ne5 59.
h4 c4 60. Kf6 c3 61. Ba4 Ng4+ 62. Kg5 Ne5 63. Kf5 Nf7 64. h5 Nh6+ 65. Kg6 Ng4
66. Bb3 Kc6 67. Kg5 1/2-1/2

[Event "OPEN Stare Mesto"]
[Site "?"]
[Date "2003.08.15"]
[Round "9"]
[White "Rachela, M."]
[Black "Snyta, Z."]
[Result "1/2-1/2"]
[WhiteElo "2213"]
[BlackElo "2101"]
[PlyCount "40"]
[EventDate "2003.08.13"]
[SourceDate "2003.08.08"]

1. Nf3 f5 2. e4 fxe4 3. Ng5 Nf6 4. d3 e3 5. Bxe3 e5 6. d4 exd4 7. Bxd4 Nc6 8.
Bc4 Qe7+ 9. Be3 Qb4+ 10. Nd2 d5 11. Bb3 h6 12. Ngf3 Bd6 13. c3 Qg4 14. Qe2 Be6
15. h3 Qh5 16. Bxh6 Rxh6 17. Qxe6+ Kf8 18. O-O-O Re8 19. g4 Rxe6 20. gxh5 Rxh5
1/2-1/2